00330 2200145 4500001002100000005001500021035002000036245003600056100001800092300001200110260002800122082000800150084001400158990001200172INLIS00000000000236320250528111903 a0010-05250006551 aRembulan Putih /cBudi Sardjono0 aBudi Sardjono a426 hlm aJakarta :bLabuh,c2005 a813 a813 BUD r a0712650